[Event "zt 3.5 China Men 2012"]
[Site "Beijing CHN"]
[Date "2012.09.16"]
[Round "4.14"]
[White "Liu,Zhaoqi"]
[Black "Li Bo"]
[Result "1/2-1/2"]
[WhiteElo "2115"]
[BlackElo "2237"]

1.Nf3 d5 2.d4 Nf6 3.c4 c6 4.Nc3 a6 5.c5 Nbd7 6.Bf4 Nh5 7.e3 g6 8.h4 Nxf4
9.exf4 b6 10.cxb6 Qxb6 11.Qd2 Rb8 12.Rb1 Bg7 13.g3 O-O 14.Bh3 Nf6 15.Bxc8 Rfxc8
16.O-O c5 17.Na4 Ne4 18.Nxb6 Nxd2 19.Nxc8 Nxf3+ 20.Kg2 Nxh4+ 21.gxh4 Rxc8
22.dxc5 Rxc5 23.b4 Rc4 24.b5 axb5 25.Rxb5 e6 26.Rb8+ Bf8 27.h5 h6 28.hxg6 fxg6
29.Re1 Kf7 30.Rb7+ Be7 31.Ra7 Rxf4 32.Rc1 Kf6 33.Rcc7 Bd6 34.Rf7+ Kg5 35.Rxf4 Kxf4
36.a4 Bc5 37.Rc7 Bb4 38.Rb7 Bc3 39.Rb6 Ke5 40.Rb5 Kd6 41.Rb6+ Kd7 42.Rb7+ Kd6
43.Rh7 Bd2 44.Rg7 g5 45.Rh7 Kc5 46.Rxh6 e5 47.Kf1 Kb4 48.Ra6 Bf4 49.Ra8 g4
50.a5 Kb5 51.a6 Kb6 52.Kg2 d4 53.Kf1 g3 54.fxg3 Bxg3 55.Kg2 Bf4 56.Kf3 d3
57.Rd8 Kxa6 58.Rxd3 Kb5 59.Ke4 Kc4 60.Rd8 Kc5 61.Rc8+ Kd6 62.Rc2 Bg3 63.Rd2+ Kc6
64.Kf5 Bf4 65.Rd1 Kc5 66.Ke6 Kc4 67.Kf5 Kc5 68.Ke4 Kc6 69.Rd8 Kc7 70.Rg8 Kc6
71.Rc8+ Kd7 72.Rc3 Kd6 73.Kf5 Kd5 74.Rd3+ Kc4 75.Ke4 Kc5 76.Rd5+ Kc6 77.Rd8 Kc7
78.Rd3 Kc6 79.Kf5 Kc5 80.Rd8 Kc6 81.Ke6 Kc5 82.Kf5 Kc6 83.Rd3 Kc5 84.Ke4 Kc6
85.Rd1 Kc5 86.Rd8 Kc6 87.Kd3 Kc7 88.Rd5 Kc6 89.Kc4 Bg3 90.Rd3 Bf4 91.Rd1 Be3
92.Re1 Bd4 93.Rf1 Kd6 94.Rf6+ Ke7 95.Ra6 Kd7 96.Kd5 Ke7 97.Rh6 Kf7 98.Kd6 Kg7
99.Re6 Kf7 100.Rxe5 Bxe5+ 101.Kxe5  1/2-1/2

[Event "DYTM KL Open 2012"]
[Site "Kuala Lumpur MAS"]
[Date "2012.09.18"]
[Round "1.16"]
[White "Diano,Eden"]
[Black "Sikivou,T"]
[Result "1-0"]
[WhiteElo "2416"]
[BlackElo "1818"]

1.d4 d5 2.c4 c6 3.Nc3 Nf6 4.Nf3 a6 5.a4 e6 6.e3 Bb4 7.Bd3 Nbd7 8.O-O O-O
9.Qc2 h6 10.Rd1 Qc7 11.e4 dxe4 12.Nxe4 Nxe4 13.Bxe4 e5 14.Be3 exd4 15.Bxd4 Nc5
16.Be5 Qb6 17.Bh7+ Kh8 18.h3 f5 19.Bg6 Ne4 20.a5 Qc5 21.b3 Qe7 22.Qc1 Kg8
23.Qf4 Bc5 24.Ra2 Be6 25.Re1 Bb4 26.Ree2 Rad8 27.g3 Rd3 28.Re3 Qd7 29.Kg2 Rd8
30.Nh4 Bd2 31.Bxf5 Bxe3 32.Qxe4 Bxf5 33.Nxf5 Bc5 34.Nxg7 Rd2 35.Nh5 Qf7 36.Qg4+ Kf8
37.Bg7+ Ke7 38.Qh4+ Ke8 39.Nf6+ Qxf6 40.Bxf6 Rxa2 41.Qh5+ Kd7 42.Qxc5  1-0

[Event "Tatry Open 2012"]
[Site "Tatranske Zruby SVK"]
[Date "2012.09.25"]
[Round "3.20"]
[White "Taborsky,R"]
[Black "Masak,P"]
[Result "1-0"]
[WhiteElo "2254"]
[BlackElo "2083"]

1.d4 d5 2.Nf3 Nf6 3.c4 c6 4.Nc3 a6 5.c5 Bg4 6.Ne5 Bh5 7.Qb3 Qc8 8.Bf4 Nfd7
9.e4 dxe4 10.Bc4 Nxe5 11.dxe5 e6 12.Nxe4 Nd7 13.Nd6+ Bxd6 14.cxd6 O-O 15.O-O b5
16.Bd3 Bg6 17.Rac1 Qb7 18.Bxg6 hxg6 19.h4 c5 20.Qg3 Rfc8 21.f3 Qd5 22.b3 Qd4+
23.Kh2 Rc6 24.Rcd1 Qc3 25.Rfe1 Qc2 26.Rd2 Qf5 27.Rc1 Rac8 28.Qg5 c4 29.g4 Qxg5
30.hxg5 cxb3 31.Rxc6 Rxc6 32.axb3 Kf8 33.Kg3 Ke8 34.Rh2 Nf8 35.Rh8 Rc8 36.b4 f6
37.gxf6 Kf7 38.Bg5 Rb8 39.fxg7 Kxg7 40.Bf6+ Kf7 41.Rxf8+ Rxf8 42.d7  1-0

[Event "34th Rashid Nezhmetdinov Cup"]
[Site "Kazan RUS"]
[Date "2012.09.26"]
[Round "1.4"]
[White "Faizrakhmanov,Ramil"]
[Black "Volkov,Sergey1"]
[Result "1/2-1/2"]
[WhiteElo "2290"]
[BlackElo "2575"]

1.d4 d5 2.c4 c6 3.Nf3 Nf6 4.Nc3 a6 5.e3 b5 6.c5 g6 7.Ne5 Bg7 8.f4 a5 9.Bd3 Bf5
10.Be2 h5 11.O-O Qc7 12.Bd2 Nbd7 13.Be1 h4 14.Rc1 Rb8 15.h3 b4 16.Nb1 Nxe5
17.fxe5 Ne4 18.Nd2 Nxd2 19.Qxd2 f6 20.exf6 Bxf6 21.Bd3 e6 22.Bf2 O-O 23.Rce1 b3
24.axb3 Rxb3 25.e4 dxe4 26.Bxe4 Qd7 27.Bxf5 exf5 28.Qh6 Qg7 29.Qxg7+ Kxg7
30.Re6 Rc8 31.Ra1 Kf7 32.Rd6 Rxb2 33.Rd7+ Ke8 34.Rd6 Be7 35.Rxg6 Kf7 36.Rh6 Bg5
37.Rh7+ Kg6 38.Ra7 Re8 39.Re1 Rxe1+ 40.Bxe1 Be3+ 41.Kf1 Bxd4 42.Ra6 Kg5 43.Rxc6 Kf4
44.Rc8 Rc2 45.c6 Bb6 46.Bxh4 Ke4 47.Be1 Kd5 48.h4 a4 49.Ra8 Rc4 50.h5 Rf4+
51.Ke2 Re4+ 52.Kf1 Rf4+ 53.Ke2 Re4+ 54.Kd1 Rd4+ 55.Ke2 Ke5  1/2-1/2

[Event "1st Simon Bolivar Open 2012"]
[Site "San Cristobal VEN"]
[Date "2012.09.26"]
[Round "3.1"]
[White "Iturrizaga,E"]
[Black "Escobar Forero,A"]
[Result "1-0"]
[WhiteElo "2625"]
[BlackElo "2460"]

1.d4 d5 2.c4 c6 3.Nf3 Nf6 4.Nc3 a6 5.a4 g6 6.Bf4 Nh5 7.Be5 f6 8.Bxb8 Rxb8
9.e3 e6 10.Qb3 Bd6 11.Be2 Ng7 12.O-O O-O 13.Rfd1 Kh8 14.e4 b5 15.cxb5 cxb5
16.axb5 dxe4 17.Nxe4 axb5 18.d5 Bb7 19.Nxd6 Qxd6 20.dxe6 Qxe6 21.Nd4 Qxb3
22.Nxb3 Ne6 23.Ra7 Be4 24.Rdd7 g5 25.Bg4 Nf4 26.Nc5 Bg6 27.g3 f5 28.Bf3 g4
29.gxf4 gxf3 30.h4 Ra8 31.Kh2 Rxa7 32.Rxa7 Bh5 33.Ne6 Rc8 34.Ng5 Bg6 35.Kg3 h6
36.Nxf3 Rc2 37.Ne5 Bh5 38.Nd7 Kg7 39.Ne5+ Kh8 40.Nd7 Kg7 41.Nb6+ Bf7 42.b4 Rc3+
43.f3 Rd3 44.Nd7 Rd6 45.Ne5 Rf6 46.Rb7 Kg8 47.Rxb5 Bb3 48.Rb8+ Kg7 49.Rb7+ Kg8
50.b5 Rd6 51.b6 Be6 52.Rb8+ Kg7 53.b7  1-0

[Event "30th Balaton IM"]
[Site "Heviz HUN"]
[Date "2012.09.27"]
[Round "5.1"]
[White "Csonka,B"]
[Black "Stips,F"]
[Result "1-0"]
[WhiteElo "2287"]
[BlackElo "2221"]

1.d4 d5 2.Nf3 Nf6 3.c4 c6 4.Nc3 a6 5.a4 e6 6.g3 dxc4 7.e4 Bb4 8.e5 Nd5 9.Bd2 a5
10.Bxc4 Be7 11.Ne4 b6 12.Bg5 O-O 13.O-O Ba6 14.Qe2 h6 15.Bxe7 Nxe7 16.Rac1 Bxc4
17.Rxc4 Na6 18.Nd6 Ra7 19.Nd2 Rc7 20.N2e4 Nb4 21.f4 Nf5 22.Nxf5 exf5 23.Nd6 Qd7
24.Qh5 Nd5 25.Nxf5 g6 26.Nxh6+ Kg7 27.Qg5 Rh8 28.Ng4 Qf5 29.Rcc1 Qe4 30.Rcd1 Rh5
31.Qd8 Qe2 32.Nf2 Qxb2 33.Qd6 Qb3 34.e6 fxe6 35.Rde1 Re7 36.Rxe6 Rxe6 37.Qxe6 Qc2
38.Qd7+ Kg8 39.Re1 Rf5 40.Ng4 Rf8 41.Ne5 Nf6 42.Qxc6 Qd2 43.Qc4+ Kg7 44.Nf3 Qb4
45.Qc2 g5 46.Re5 g4 47.Rg5+ Kf7 48.Qc7+  1-0

[Event "21st TCh-CRO 1a 2012"]
[Site "Sibenik CRO"]
[Date "2012.09.28"]
[Round "6.56"]
[White "Loncar,R"]
[Black "Paljusaj,E"]
[Result "1/2-1/2"]
[WhiteElo "2389"]
[BlackElo "2309"]

1.d4 d5 2.c4 c6 3.Nf3 Nf6 4.Nc3 a6 5.Bg5 Nbd7 6.cxd5 cxd5 7.e3 e6 8.Bd3 Bd6
9.O-O h6 10.Bh4 O-O 11.Rc1 b5 12.e4 dxe4 13.Nxe4 Bf4 14.Rc2 Bb7 15.Nc5 Qb8
16.Bg3 Bxf3 17.Qxf3 Bxg3 18.hxg3 Qd6 19.Rd1 Ra7 20.a3 Qd5 21.Ne4 Rd8  1/2-1/2

[Event "21st TCh-CRO 1a 2012"]
[Site "Sibenik CRO"]
[Date "2012.09.29"]
[Round "7.41"]
[White "Lalic,B"]
[Black "Avrukh,B"]
[Result "1/2-1/2"]
[WhiteElo "2475"]
[BlackElo "2596"]

1.d4 d5 2.c4 c6 3.Nf3 Nf6 4.Nc3 a6 5.a4 e6 6.g3 a5 7.Bg2 Be7 8.O-O O-O 9.Ne5 Nfd7
10.Nxd7 Qxd7 11.cxd5 exd5 12.e4 dxe4 13.Bxe4 Na6 14.d5  1/2-1/2

[Event "Tatry Open 2012"]
[Site "Tatranske Zruby SVK"]
[Date "2012.09.29"]
[Round "8.27"]
[White "Kukucka,M"]
[Black "Sikora,J"]
[Result "1-0"]
[WhiteElo "2008"]
[BlackElo "2203"]

1.d4 d5 2.c4 c6 3.Nc3 Nf6 4.Nf3 a6 5.a4 e6 6.Bg5 Be7 7.e3 O-O 8.Qc2 Nbd7
9.cxd5 exd5 10.Bd3 Re8 11.O-O Nf8 12.h3 Ng6 13.Bxf6 Bxf6 14.b4 Qd6 15.b5 Bd8
16.bxc6 bxc6 17.Nb1 Bc7 18.Nbd2 Nh4 19.Rfc1 Nxf3+ 20.Nxf3 Re6 21.Ne5 Qe7
22.Bxh7+ Kh8 23.Bf5 Rh6 24.Bxc8 Rxc8 25.Qf5 Rf8 26.Rxc6 Rxc6 27.Nxc6 Qd6
28.Ne5 f6 29.Ng6+ Kg8 30.Qxd5+  1-0

[Event "Oslo GM Open 2012"]
[Site "Oslo NOR"]
[Date "2012.09.30"]
[Round "1.6"]
[White "Urkedal,F"]
[Black "Hobber,A"]
[Result "1-0"]
[WhiteElo "2470"]
[BlackElo "2237"]

1.d4 d5 2.c4 c6 3.Nc3 Nf6 4.Nf3 a6 5.e3 b5 6.b3 Bg4 7.h3 Bxf3 8.Qxf3 e6 9.Bd3 Bb4
10.Bd2 Qa5 11.Rc1 Bxc3 12.Bxc3 b4 13.Bd2 Qxa2 14.cxd5 exd5 15.Qd1 Qa5 16.Ra1 Qb6
17.Ra4 O-O 18.Bxb4 Re8 19.O-O Nbd7 20.Qc2 a5 21.Rfa1 Reb8 22.Bd6  1-0

[Event "Oslo GM Open 2012"]
[Site "Oslo NOR"]
[Date "2012.09.30"]
[Round "5.4"]
[White "Del Rio de Angelis,S"]
[Black "Groenn,A"]
[Result "0-1"]
[WhiteElo "2491"]
[BlackElo "2364"]

1.d4 d5 2.c4 c6 3.Nf3 Nf6 4.Nc3 a6 5.e3 b5 6.b3 Bf5 7.Be2 e6 8.Nh4 Bb4 9.Bd2 Bxc3
10.Bxc3 Ne4 11.Nxf5 Nxc3 12.Qc2 Nxe2 13.Nxg7+ Kf8 14.Nh5 Nxd4 15.exd4 Qh4
16.Ng3 Qxd4 17.O-O bxc4 18.bxc4 Nd7 19.cxd5 cxd5 20.Qc7 Nf6 21.Rfd1 Qh4 22.Rab1 h5
23.Rb7 Rh7 24.Rd3 Kg8 25.Rf3 Rf8 26.Qe7 Rh6 27.h3 Qd4 28.Nf1 Rg6 29.Rb4 Qe5
30.Rbf4 Qg5 31.g3 Ne4 32.Qd7 f5 33.Kh2 Rf7 34.Qe8+ Kg7 35.Ne3 Nd2  0-1

[Event "Oslo GM Open 2012"]
[Site "Oslo NOR"]
[Date "2012.09.30"]
[Round "8.3"]
[White "Rombaldoni,Ax"]
[Black "Buhmann,R"]
[Result "0-1"]
[WhiteElo "2458"]
[BlackElo "2578"]

1.d4 d5 2.c4 c6 3.Nf3 Nf6 4.Nc3 a6 5.g3 b5 6.b3 Bf5 7.Bg2 e6 8.O-O h6 9.Ne5 Bb4
10.Bb2 O-O 11.a3 Bd6 12.Re1 bxc4 13.bxc4 Ra7 14.Na4 Rb7 15.Bc3 Ne4 16.Bxe4 Bxe4
17.Nc5 Bxc5 18.dxc5 f6 19.Ng4 e5 20.cxd5 cxd5 21.f3 Bg6 22.Bb4 Nc6 23.Qa4 Qd7
24.Red1 a5 25.Bc3 Qe6 26.Rac1 Rfb8 27.e3 Rb5 28.Nf2 Be8 29.Qc2 Rxc5 30.Nd3 Rcb5
31.Ba1 Qf5 32.Qe2 Rb3 33.Nc5 Rxa3 34.Rxd5 Bf7 35.Rdd1 Ra2 36.Qf1 Qh5 37.h4 Qg6
38.Ne4 Nb4 39.g4 h5 40.g5 Nc2 41.Qd3 Nxa1 42.Rxa1 Rxa1 43.Rxa1 fxg5 44.hxg5 Qb6
45.Rd1 Qc6 46.Qa3 Bg6 47.Qxa5 Bxe4 48.fxe4 Qxe4 49.Qd5+ Qxd5 50.Rxd5 Kf7
51.Rxe5 Rb2 52.e4 h4 53.Rc5 Kg6 54.Rc7 Rb5 55.Kg2 Rxg5+ 56.Kf3 Rg1 57.Rc8 Kg5
58.Rc5+ Kf6 59.Rc6+ Ke5 60.Rc5+ Kd6 61.Rc8 g5 62.Kf2 Rg4 63.Re8 Kd7 64.Re5 h3
65.Ra5 Rg2+ 66.Kf3 g4+ 67.Kf4 h2  0-1

[Event "TCh-Belgrade Premier 2012"]
[Site "Belgrade SRB"]
[Date "2012.10.04"]
[Round "4.3"]
[White "Stosic,S"]
[Black "Dinic,G"]
[Result "0-1"]
[WhiteElo "2174"]
[BlackElo "2250"]

1.d4 d5 2.Nf3 Nf6 3.c4 c6 4.Nc3 a6 5.e3 g6 6.Ne5 Bg7 7.Bd3 O-O 8.O-O c5 9.cxd5 Nxd5
10.Nxd5 Qxd5 11.Nc4 Nd7 12.e4 Qxd4 13.Be3 Qf6 14.f4 b6 15.e5 Qc6 16.Qc2 Bb7
17.Rf3 Qc7 18.Rg3 b5 19.Nd2 f5 20.h4 Nxe5 21.Be2 Ng4 22.Bxg4 fxg4 23.Rxg4 Qd7
24.Rg3 Bd4 25.Nf1 Qf5 26.Qf2 Qxf4 27.Bxd4 Qxd4 28.Qxd4 cxd4 29.Re1 Rae8 30.Re5 Rf4
31.h5 Kf7 32.hxg6+ hxg6 33.Reg5 Be4 34.Ra3 Bb7 35.Rag3 Rf6 36.Nh2 e5 37.Ng4 Rfe6
38.Nh6+ Ke7 39.Rxg6 Rxg6 40.Rxg6 Bc8 41.g4 Rf8 42.Rg7+ Kf6 43.Rc7 Kg6 44.g5 d3  0-1

[Event "TATA 50th ch-IND National Premier"]
[Site "Kolkata IND"]
[Date "2012.10.05"]
[Round "5.15"]
[White "Rajesh,VA"]
[Black "Ravi,TeS"]
[Result "1-0"]
[WhiteElo "2395"]
[BlackElo "2288"]

1.d4 c6 2.c4 d5 3.Nf3 Nf6 4.Nc3 a6 5.c5 Bf5 6.Bf4 Nbd7 7.e3 Nh5 8.Be5 f6
9.Bg3 Nxg3 10.hxg3 e5 11.Nh4 Be6 12.Ng6 Rg8 13.Rxh7 b6 14.dxe5 fxe5 15.Nxf8 Kxf8
16.cxb6 Qxb6 17.Qd2 Kf7 18.Rh4 Qb7 19.b3 Rgd8 20.Rc1 c5 21.Be2 e4 22.Na4 c4
23.bxc4 dxc4 24.Qd6 Re8 25.Bh5+ g6 26.Qf4+ Ke7 27.Bxg6 Rh8 28.Qg5+ Kd6 29.Rd1+  1-0

[Event "3rd Copa Latino-Americana"]
[Site "Cali COL"]
[Date "2012.10.07"]
[Round "6.12"]
[White "Morales,Jo"]
[Black "Hernandez,Crist COL"]
[Result "0-1"]
[WhiteElo "2324"]
[BlackElo "2094"]

1.d4 d5 2.c4 c6 3.Nf3 Nf6 4.Nc3 a6 5.a4 e6 6.Bg5 Nbd7 7.a5 b6 8.axb6 Qxb6
9.Ra2 Bb4 10.Qd3 Ne4 11.Bf4 Nxc3 12.bxc3 Bxc3+ 13.Qxc3 Qb1+ 14.Bc1 Qxa2 15.e3 O-O
16.Bd3 Nb6 17.cxd5 cxd5 18.Qc5 Qb3 19.Ba3 Re8 20.Ke2  0-1

[Event "TCh-Belgrade Premier 2012"]
[Site "Belgrade SRB"]
[Date "2012.10.12"]
[Round "11.5"]
[White "Skare,G"]
[Black "Dinic,G"]
[Result "1/2-1/2"]
[WhiteElo "2335"]
[BlackElo "2250"]

1.d4 d5 2.Nf3 Nf6 3.c4 c6 4.Nc3 a6 5.a4 e6 6.Bg5 a5 7.e3 Be7 8.Be2 O-O 9.O-O Na6
10.Ne5 Nd7 11.Bxe7 Qxe7 12.f4 Nb4 13.Qd2 b6 14.Na2 Nxa2 15.Rxa2 Bb7 16.Nxd7 Qxd7
17.b4 dxc4 18.Bxc4 axb4 19.Qxb4 Ba6 20.Rc1 c5 21.dxc5 bxc5 22.Qc3  1/2-1/2

[Event "12th Winterthurer Schachwoche"]
[Site "Winterthur SUI"]
[Date "2012.10.12"]
[Round "7"]
[White "Kaczmarczyk,D"]
[Black "Haas,Ca"]
[Result "1-0"]
[WhiteElo "2257"]
[BlackElo "2214"]

1.d4 Nf6 2.c4 c6 3.Nc3 d5 4.Nf3 a6 5.c5 Nbd7 6.Bf4 Nh5 7.Qd2 Nxf4 8.Qxf4 b6
9.e4 e6 10.exd5 exd5 11.cxb6 Qxb6 12.O-O-O Be7 13.Re1 Nf6 14.Qd6 Be6 15.Rxe6 fxe6
16.Qxe6 Rb8 17.Na4 Qb7 18.Ne5 Rf8 19.Kb1 Qc8 20.Qxc6+ Qxc6 21.Nxc6 Rc8 22.Bxa6 Rc7
23.f3 Nd7 24.Nxe7 Kxe7 25.Re1+ Kf7 26.Nc3 Nf6 27.Bd3 Rb8 28.Nb5 Rc6 29.a4 Nd7
30.b3 h6 31.Bf5 Nf6 32.Kb2 g6 33.Bd3 Nh5 34.g3 Ng7 35.Re5 Rd8 36.f4 Kf6 37.b4 Ne6
38.a5 Rd7 39.h4 Rd8 40.Re1 h5 41.Re5 Kf7 42.Be2 Kf6 43.Bd3 Kf7 44.Kb3 Kf6
45.Ka4 Rc1 46.Bxg6 Rb8 47.Bd3 Rd1 48.Re3 Nd8 49.Nc3 Ra1+ 50.Kb3 Rxa5 51.Re8 Rxb4+
52.Kxb4 Nc6+ 53.Kb3 Nxd4+ 54.Kb2 Ne6 55.Nxd5+ Rxd5 56.Rxe6+ Kg7 57.Re3  1-0

[Event "TATA 50th ch-IND National Premier 2012"]
[Site "Kolkata IND"]
[Date "2012.10.13"]
[Round "12.18"]
[White "Rajesh,VA"]
[Black "Krishna,CRG"]
[Result "1/2-1/2"]
[WhiteElo "2395"]
[BlackElo "2326"]

1.d4 d5 2.c4 c6 3.Nf3 Nf6 4.Nc3 a6 5.c5 Nbd7 6.Bf4 Nh5 7.Bd2 Nhf6 8.Rc1 g6
9.h3 Bg7 10.Bf4 O-O 11.e3 Ne8 12.Be2 Nc7 13.O-O e5 14.Nxe5 Nxe5 15.Bxe5 Bxe5
16.dxe5 Qe7 17.Na4 Qxe5 18.Bg4 Bxg4 19.Qxg4 f5 20.Qd4 Qxd4 21.exd4 Rae8 22.Nc3 f4
23.Rfe1 Ne6 24.Rcd1 Ng7 25.Rxe8 Rxe8 26.Kf1 Nf5 27.Ne2 Re4 28.Rd2 g5 29.f3 Re7
30.Kf2 Kg7 31.g4 fxg3+ 32.Nxg3 Nh4 33.Rd3 Kg6 34.Rc3 h5 35.Ne2 Nf5 36.Rd3 Re6
37.Rc3 Rf6 38.Kg2 Rf7 39.Rd3 Rf6 40.Kf2 Rf7 41.Kg2 Kh6 42.Rc3 Nh4+ 43.Kg3 Kg6
44.Rd3 Kf6 45.Kf2 Ng6 46.Re3 Re7 47.Rc3 Nh4 48.Ng3 Kg6 49.Ne2 Rf7 50.Kg3 Nf5+
51.Kg2 Re7 52.Kf2 Kf6 53.Rd3 Kg6  1/2-1/2

[Event "FSGM October 2012"]
[Site "Budapest HUN"]
[Date "2012.10.15"]
[Round "9.3"]
[White "Kantor,G"]
[Black "Horvath,Dav"]
[Result "1/2-1/2"]
[WhiteElo "2310"]
[BlackElo "2386"]

1.d4 d5 2.c4 c6 3.Nf3 Nf6 4.Nc3 a6 5.c5 Nbd7 6.Bf4 Nh5 7.Qd2 Nxf4 8.Qxf4 g6
9.e4 dxe4 10.Bc4 Nf6 11.Ne5 Be6 12.Bxe6 fxe6 13.Nxe4 Bg7 14.Ng5 Qa5+ 15.Qd2 Qxd2+
16.Kxd2 Bh6 17.f4 Bxg5 18.fxg5 Nd5 19.Nd3 e5 20.dxe5  1/2-1/2

[Event "Copenhagen Cup IMA 2012"]
[Site "Copenhagen DEN"]
[Date "2012.10.18"]
[Round "2.1"]
[White "Carstensen,J"]
[Black "Kvisvik,B"]
[Result "1-0"]
[WhiteElo "2362"]
[BlackElo "2342"]

1.d4 d5 2.c4 c6 3.Nf3 Nf6 4.Nc3 a6 5.c5 Bf5 6.Nh4 Bg4 7.h3 Bh5 8.g4 Bg6 9.Bf4 Nbd7
10.Nxg6 hxg6 11.Bg2 e6 12.O-O Be7 13.Qd2 Nh7 14.Bg3 g5 15.e4 Nhf8 16.Rfe1 Ng6
17.exd5 cxd5 18.Bxd5 exd5 19.Nxd5 O-O 20.Bc7 Qc8 21.Rxe7 Nf6 22.Nb6 Nxe7
23.Nxc8 Raxc8 24.Be5 Nfd5 25.Bd6 f6 26.Re1 Rf7 27.Qe2 Rd8 28.Qf3 Rd7 29.Re6 Nf4
30.Bxf4 gxf4 31.Qxf4 Nc6 32.Rd6 Rde7 33.d5 Re1+ 34.Kg2 Ne5 35.Qf5 g6 36.Qc8+ Kg7
37.Rd8  1-0

[Event "TCh-CZE Div1 Vychod 2012-13"]
[Site "Czech Republic CZE"]
[Date "2012.10.21"]
[Round "1.8"]
[White "Zednik,Josef"]
[Black "Svoboda,Ros"]
[Result "0-1"]
[WhiteElo "2069"]
[BlackElo "2035"]

1.d4 d5 2.Nf3 Nf6 3.c4 c6 4.Nc3 a6 5.c5 g6 6.h3 Qc7 7.g3 Nh5 8.Bg2 Bg7 9.e4 dxe4
10.Nxe4 Be6 11.O-O O-O 12.Qc2 Nd7 13.Bd2 Rad8 14.Rfd1 Bd5 15.b4 Kh8 16.Bc3 Ndf6
17.Ned2 Bh6 18.Re1 Ng7 19.a4 Ne6 20.Qb2 Bg7 21.b5 Ra8 22.Bf1 Rfb8 23.bxa6 bxa6
24.Qc2 Bxf3 25.Nxf3 Nd5 26.Rab1 Nxc5 27.Bd2 Ne6 28.Qc4 a5 29.Ne5 Bxe5 30.Rxb8+ Rxb8
31.Rxe5 Qb6 32.Bg2 Qxd4 33.Qxd4 Nxd4 34.Bxd5 cxd5 35.Rxd5 Nf3+ 36.Kg2 Nxd2
37.Rxd2 Rb4 38.Rd7 Rxa4 39.Rxe7 Kg7 40.Ra7 Ra3 41.h4 h5 42.Ra6 a4 43.Ra7 Ra1
44.Ra6 Ra2 45.Kf3 Kf8 46.Ra7 Ke8 47.Kg2 Ra3 48.Kg1 Ra1+ 49.Kg2 a3 50.Kf3 Ra2
51.Kg2 Kd8 52.Kf3 Kc8 53.Ra8+ Kb7 54.Ra5 Kb6 55.Ra8 Kb5 56.Rb8+ Kc4 57.Rc8+ Kb3
58.Rb8+ Kc2 59.Rc8+ Kb1 60.Ra8 Ra1 61.Ra7 Ka2 62.Rxf7 Rb1 63.Rf6 Rb4 64.Rxg6 Kb3
65.Re6 a2 66.Re1 Ka3 67.Ra1 Kb2 68.Rxa2+ Kxa2 69.Kg2 Kb3 70.f3 Kc4 71.g4 hxg4
72.fxg4 Kd5 73.Kg3 Ke5 74.h5 Kf6 75.Kh4  0-1

[Event "NIT Nagpur GM Open 2012"]
[Site "Nagpur IND"]
[Date "2012.10.21"]
[Round "9.5"]
[White "Grover,S"]
[Black "Himanshu,Sh"]
[Result "0-1"]
[WhiteElo "2516"]
[BlackElo "2393"]

1.d4 d5 2.c4 c6 3.Nf3 Nf6 4.Nc3 a6 5.e3 b5 6.c5 Nbd7 7.a3 a5 8.Qe2 Ne4 9.Qc2 f5
10.g4 e6 11.gxf5 exf5 12.h4 Be7 13.Ne2 Nf8 14.Nf4 Ne6 15.Nd3 Bd7 16.Bd2 Qc7
17.Nfe5 Rf8 18.O-O-O f4 19.Nxd7 Qxd7 20.Bh3 f3 21.Ne5 Qc8 22.Be1 h5 23.Rg1 Bxh4
24.Rxg7 Bf6 25.Rg6 Nxd4 26.Bxc8 Nxc2 27.Bb7 Bxe5 28.Kxc2 Kf7 29.Rxc6 Rad8
30.Bxa5 Rd7 31.Bc8 Re7 32.Rh1 Rh8 33.Bf5 Nxf2 34.Rxh5 Ne4 35.Bg4 f2 36.Rf5+ Kg7
37.Kd3 Rh1 38.Be2 Rf7 39.Rxe5 Re1 40.Rc7 Rxc7 41.Bxc7 Rd1+ 42.Kc2 Rd2+ 43.Kb3 Rxe2
44.Rf5 Kg6 45.Rf8 Nf6 46.Bd8 f1=Q  0-1

[Event "TCh-SVK Extraliga 2012-13"]
[Site "Slovakia SVK"]
[Date "2012.10.27"]
[Round "1.5"]
[White "Schwarz,Du"]
[Black "Hlinka,V"]
[Result "1-0"]
[WhiteElo "2305"]
[BlackElo "2155"]

1.d4 d5 2.c4 c6 3.Nf3 Nf6 4.Nc3 a6 5.e3 Bf5 6.Qb3 b5 7.c5 a5 8.Ne5 Qc7 9.Bxb5 cxb5
10.Nxd5 Qb7 11.Nb6 Qxg2 12.Rf1 Bh3 13.Qxb5+ Nfd7 14.Nexd7 Nxd7 15.Nxa8 Qxa8
16.Rg1 Be6 17.c6 Nb8 18.d5 Bc8 19.Bd2 e6 20.c7+ Nd7 21.dxe6 fxe6 22.Rc1 Be7
23.Bc3 Bb4 24.Bxb4 axb4 25.Rxg7 Qh1+ 26.Ke2 Qd5 27.Qb8 Kf8 28.Qxc8+ Kxg7
29.Qxh8+ Kxh8 30.c8=Q+  1-0

[Event "Vizag GM Open 2012"]
[Site "Visakhapatnam IND"]
[Date "2012.10.28"]
[Round "4.15"]
[White "Rahman,Tai"]
[Black "Himanshu,Sh"]
[Result "0-1"]
[WhiteElo "2324"]
[BlackElo "2393"]

1.d4 d5 2.c4 c6 3.Nf3 Nf6 4.Nc3 a6 5.cxd5 cxd5 6.Bf4 e6 7.e3 b5 8.Bd3 Bb7
9.a4 b4 10.Na2 Nc6 11.Nc1 Be7 12.Nb3 O-O 13.Ne5 Na5 14.O-O Rc8 15.Bg5 Nxb3
16.Qxb3 Ne4 17.Bxe7 Qxe7 18.Rfc1 f6 19.Nf3 a5 20.Qd1 Qd6 21.Nd2 Nxd2 22.Qxd2 Ba6
23.Bxa6 Qxa6 24.Rc5 Rxc5 25.dxc5 Qc6 26.Qc2 e5 27.h3 Rd8 28.Rd1 Kf7 29.b3 g6
30.Rc1 Ke7 31.Qe2 Kd7 32.h4 Kc7 33.h5 f5 34.hxg6 hxg6 35.Qf3 Kb7 36.Qg3 Qe6
37.Qf3 Rc8 38.Qe2 Qc6 39.Qb2 Re8 40.Qe2 Rd8 41.Qd3 Kc7 42.Qe2 d4 43.exd4 exd4
44.Qe5+ Kc8 45.Rd1 d3 46.Qe3 Qe4 47.Qd2 Qe2 48.f3 Qe6 49.Qb2 Qe3+ 50.Qf2 f4
51.Kf1 Kc7 52.Qb2 Re8 53.Qd2 Qe2+ 54.Kg1 Re3 55.Qc1 Qc2 56.Qa1 Qc3 57.Qb1 Qd4
58.Kh2 Re5 59.Kh3 Qf2  0-1

[Event "Vizag GM Open 2012"]
[Site "Visakhapatnam IND"]
[Date "2012.10.29"]
[Round "6.9"]
[White "Ashwin,J"]
[Black "Himanshu,Sh"]
[Result "1/2-1/2"]
[WhiteElo "2480"]
[BlackElo "2393"]

1.d4 d5 2.c4 c6 3.Nf3 Nf6 4.Nc3 a6 5.a4 e6 6.g3 dxc4 7.Bg5 Bb4 8.Bg2 b5 9.O-O Bb7
10.Ne4 Nbd7 11.b3 cxb3 12.Qxb3 Be7 13.Nxf6+ gxf6 14.Bh6 f5 15.Rfc1 Rc8 16.Ne1 Qb6
17.e3 Rg8 18.Nd3 Bd6 19.Rc2 Ke7 20.Rac1 c5 21.a5 Qa7 22.dxc5 Nxc5 23.Nxc5 Rxc5
24.Rxc5 Bxg2 25.Kxg2 Bxc5 26.Qc3 Qb7+ 27.Kg1 Bd6 28.Bg7 Rb8 29.Bf6+ Kd7 30.Rd1 Rc8
31.Qb4 Rc6 32.Be5 Qc7 33.Qh4 Rc1 34.Qh5 Rxd1+ 35.Qxd1 Ke7 36.Bg7 Be5 37.Bxe5 Qxe5
38.Qh5 Qe4 39.Qg5+ Ke8 40.Qg8+ Ke7 41.Qg5+ Ke8 42.Qg8+ Ke7 43.Qg5+ Kd7 44.Qg7 Qb1+
45.Kg2 Qe4+ 46.Kg1 Qb4 47.Qxh7 Qb1+ 48.Kg2 Qe4+ 49.Kg1 Ke7 50.Qg7 Qb1+ 51.Kg2 Qe4+
52.Kg1 b4 53.h4 b3 54.Qc3 Qc2 55.Qb4+ Kf6 56.Qd4+ Kg6 57.Qd8 Kh7 58.Qf6 Kg8
59.Qg5+ Kf8 60.Qd8+ Kg7 61.Qg5+ Kf8 62.Qd8+ Kg7  1/2-1/2

[Event "7th Deizisau Autumn"]
[Site "Deizisau GER"]
[Date "2012.10.30"]
[Round "7.8"]
[White "Neyman,I"]
[Black "Lebeda,T"]
[Result "1-0"]
[WhiteElo "2322"]
[BlackElo "2037"]

1.d4 d5 2.c4 c6 3.Nf3 Nf6 4.Nc3 a6 5.Ne5 Nbd7 6.Bf4 Nh5 7.Be3 dxc4 8.Nxc4 Nb6
9.Ne5 Nf6 10.f3 Nbd5 11.Bf2 Nxc3 12.bxc3 Nd5 13.Qd2 Qa5 14.Nc4 Qd8 15.e4 Nb6
16.a4 e6 17.Nxb6 Qxb6 18.a5 Qc7 19.e5 c5 20.Bd3 Bd7 21.O-O c4 22.Be4 Be7
23.f4 Bc6 24.Qe2 O-O-O 25.Bxc6 Qxc6 26.Rfb1 Rd7 27.Rb6 Qd5 28.Ra4 Rc7 29.f5 exf5
30.e6 fxe6 31.Rxe6 Qb5 32.Ra1 Qd7 33.Bg3 Bd8 34.Bxc7 Bxc7 35.Qxc4 Re8 36.Rae1 Rxe6
37.Rxe6 Kb8 38.d5 Bxa5 39.Qc5 Qb5 40.Qxb5 axb5 41.Re7 Bxc3 42.d6 Kc8 43.Rc7+ Kd8
44.Rxc3 Kd7 45.Rd3 b4 46.Kf2 b5 47.Ke3 b3 48.Kd2 b4 49.Kc1  1-0

[Event "TCh-AUT 2012-13"]
[Site "Hohenems AUT"]
[Date "2012.11.02"]
[Round "1.5"]
[White "Neubauer,M"]
[Black "Schneider,Il"]
[Result "1/2-1/2"]
[WhiteElo "2440"]
[BlackElo "2489"]

1.d4 d5 2.c4 c6 3.Nf3 Nf6 4.Nc3 a6 5.e3 b5 6.b3 Bg4 7.Be2 Nbd7 8.O-O e6 9.h3 Bh5
10.Bb2 Bd6 11.Ne5 Bxe2 12.Nxe2 bxc4 13.bxc4 O-O 14.Rc1 Qb8 15.Nxd7 Nxd7 16.Rb1 Qa7
17.c5 Be7 18.Qa4 Rab8 19.Bc3 Rxb1 20.Rxb1 Rb8 21.Rxb8+ Nxb8 22.Ba5 Qb7 23.Qb3 Qxb3
24.axb3 Kf8 25.Kf1 Ke8 26.Bc7 Nd7 27.Ke1 Bd8 28.Bd6 Ba5+ 29.Kd1 Kd8 30.Kc2 Bc7
31.Bxc7+ Kxc7 32.b4 e5 33.dxe5 Nxe5 34.Kc3 Nd7 35.Kd4 Nf8 36.Nf4 Kd7 37.e4 Ne6+
38.Nxe6 fxe6 39.f4 g6 40.g4 Ke7 41.Ke5 Kf7 42.g5 Ke7 43.Kd4 Kf7 44.Ke5  1/2-1/2

[Event "TCh-NOR Eliteserien 2012-13"]
[Site "Haraldsheim NOR"]
[Date "2012.11.04"]
[Round "3"]
[White "Urkedal,F"]
[Black "Collins,S IRL"]
[Result "1-0"]
[WhiteElo "2469"]
[BlackElo "2471"]

1.d4 d5 2.c4 c6 3.Nf3 Nf6 4.Nc3 a6 5.e3 Bf5 6.Bd3 Bxd3 7.Qxd3 e6 8.O-O Bb4
9.a3 Bxc3 10.bxc3 O-O 11.a4 Nbd7 12.cxd5 cxd5 13.Ba3 Re8 14.c4 Nb6 15.Ne5 Nfd7
16.cxd5 Nxe5 17.dxe5 Nxa4 18.d6 Qd7 19.Rac1 Rac8 20.Qd4 b5 21.Bb4 Rxc1 22.Rxc1 Rc8
23.Rxc8+ Qxc8 24.h3 Qd7 25.Qh4 Nb6 26.Ba5 Nc4 27.Qe7  1-0

[Event "TCh-AUT 2012-13"]
[Site "Hohenems AUT"]
[Date "2012.11.04"]
[Round "3.5"]
[White "Schmidlechner,A"]
[Black "Schneider,Il"]
[Result "0-1"]
[WhiteElo "2304"]
[BlackElo "2489"]

1.d4 d5 2.c4 c6 3.Nf3 Nf6 4.Nc3 a6 5.c5 Nbd7 6.Bf4 Nh5 7.e3 g6 8.Be2 Bg7
9.b4 O-O 10.O-O Nxf4 11.exf4 a5 12.a3 f6 13.Re1 axb4 14.axb4 Rxa1 15.Qxa1 e5
16.Bf1 e4 17.Nd2 f5 18.Nb3 g5 19.Ne2 Bh6 20.Qc1 gxf4 21.Nxf4 Nf6 22.Be2 Kh8
23.g3 Rg8 24.Kh1 Ng4 25.Rf1 Bd7 26.Qd2 Qe7 27.Nc1 Nxf2+ 28.Kg2 e3  0-1

[Event "24th Leuven Open"]
[Site "Leuven BEL"]
[Date "2012.11.04"]
[Round "4.1"]
[White "Geirnaert,S"]
[Black "Hovhanisian,M"]
[Result "0-1"]
[WhiteElo "2392"]
[BlackElo "2468"]

1.d4 d5 2.c4 c6 3.Nf3 Nf6 4.Nc3 a6 5.c5 g6 6.Bf4 Nh5 7.e3 Nxf4 8.exf4 Bg7
9.Be2 Qc7 10.Qd2 O-O 11.O-O f6 12.g3 Nd7 13.Rfe1 e5 14.Bf1 e4 15.Nh4 f5 16.Ng2 Rd8
17.b4 Nf8 18.Ne3 Ne6 19.Ne2 Rf8 20.h4 Bf6 21.Nc2 h6 22.Bh3 Bd8 23.Qe3 g5
24.hxg5 hxg5 25.fxg5 Qh7 26.Bg2 Bxg5 27.f4 exf3 28.Qxf3 f4 29.Rac1 fxg3 30.Qxg3 Rf7
31.Ne3 Rg7 32.Rf1 Bf4 33.Qxg7+ Qxg7  0-1